[Event "Villa Constitucion op"]
[Site "Villa Constitucion"]
[Date "2023.08.18"]
[Round "2"]
[White "Rodrigues, Edgar"]
[Black "Herrera, Martin"]
[Result "0-1"]
[WhiteElo "2339"]
[BlackElo "2049"]
[PlyCount "74"]
[EventDate "2023.08.17"]
[EventType "swiss"]
[EventRounds "9"]
[EventCountry "ARG"]
[SourceTitle "EXT 2024"]
[Source "ChessBase"]
[SourceDate "2023.10.10"]
[SourceVersion "1"]
[SourceVersionDate "2023.10.10"]
[SourceQuality "1"]

1. c4 e5 2. Nc3 Nf6 3. Nf3 Nc6 4. a3 g6 5. e4 Bg7 6. d3 d6 7. h3 0-0 8. Be3 Nd7 9. Be2 Nc5 10. Nd5 Nd4 11. b4 Nce6 12. Rb1 c6 13. Nc3 Nf4 14. Bxf4 exf4 15. Rc1 f5 16. 0-0 fxe4 17. Nxe4 a5 18. c5 axb4 19. axb4 d5 20. Nd6 Ra2 21. Nxd4 Bxd4 22. Bf3 Qh4 23. Rc2 Rxc2 24. Qxc2 Bxh3 25. Qe2 Bd7 26. Qa2 Qg5 27. Re1 Bg4 28. Qe2 Bxf3 29. Qxf3 b6 30. Qh3 f3 31. g3 bxc5 32. bxc5 Kh8 33. Kf1 Bxf2 34. Kxf2 Qd2+ 35. Kf1 Qxd3+ 36. Kf2 Qd2+ 37. Kf1 f2 0-1

[Event "Curitiba Parana op"]
[Site "Curitiba"]
[Date "2023.04.22"]
[Round "3"]
[White "Rodrigues, Edgar"]
[Black "De Oliveira, Jairo Quintiliano"]
[Result "1-0"]
[WhiteElo "2330"]
[BlackElo "1752"]
[PlyCount "107"]
[EventDate "2023.04.21"]
[EventType "swiss"]
[EventRounds "6"]
[EventCountry "BRA"]
[SourceTitle "CBM 214 Extra"]
[Source "ChessBase"]
[SourceDate "2023.07.31"]
[SourceVersion "1"]
[SourceVersionDate "2023.07.31"]
[SourceQuality "1"]

1. e4 e5 2. Nf3 Nc6 3. d4 exd4 4. Nxd4 Nf6 5. Nxc6 bxc6 6. e5 Qe7 7. Qe2 Nd5 8. c4 Ba6 9. b3 g6 10. Bb2 Bg7 11. g3 0-0 12. Bg2 Rae8 13. 0-0 Bxe5 14. Qxe5 Qxe5 15. Bxe5 Rxe5 16. cxd5 Bxf1 17. Kxf1 cxd5 18. Nc3 c6 19. Re1 Rfe8 20. Rxe5 Rxe5 21. Ne2 Kf8 22. Ke1 Ke8 23. Kd2 Kd8 24. Nf4 Kc7 25. Bf1 Kb6 26. Bd3 Re7 27. h4 Kc5 28. a3 Kd4 29. h5 c5 30. Ne2+ Ke5 31. f4+ Kd6 32. g4 Re8 33. Ng3 Rg8 34. g5 Ke6 35. Bc2 f5 36. h6 Rb8 37. Ne2 a5 38. Nc3 c4 39. Ne2 Kd6 40. Nd4 Kc5 41. Kc3 Re8 42. b4+ axb4+ 43. axb4+ Kd6 44. Kd2 Kc7 45. Nxf5 gxf5 46. Bxf5 Rh8 47. Kc3 Kc6 48. Kd4 Kd6 49. b5 Rf8 50. Bxh7 Rxf4+ 51. Ke3 Rg4 52. g6 d4+ 53. Kf3 d3 54. g7 1-0

[Event "Florianopolis op 9th"]
[Site "Florianopolis"]
[Date "2023.01.27"]
[Round "7"]
[White "Rodrigues, Edgar"]
[Black "Mekhitarian, Krikor Sevag"]
[Result "1/2-1/2"]
[WhiteElo "2299"]
[BlackElo "2551"]
[PlyCount "82"]
[EventDate "2023.01.23"]
[EventType "swiss"]
[EventRounds "10"]
[EventCountry "BRA"]
[SourceTitle "CBM 212 Extra"]
[Source "ChessBase"]
[SourceDate "2023.03.31"]
[SourceVersion "1"]
[SourceVersionDate "2023.03.31"]
[SourceQuality "1"]

1. e4 e5 2. Nf3 Nc6 3. d4 exd4 4. Nxd4 Nf6 5. Nxc6 bxc6 6. e5 Qe7 7. Qe2 Nd5 8. c4 Ba6 9. b3 g6 10. Bb2 Bg7 11. Nd2 Nb4 12. Nf3 c5 13. g3 d5 14. a3 Nc6 15. Bg2 0-0 16. 0-0 Rab8 17. Qc2 d4 18. Rfe1 Bc8 19. Nd2 Bf5 20. Qd1 Rb6 21. b4 cxb4 22. Bxc6 Rxc6 23. axb4 Qxb4 24. Ba3 Qc3 25. Bxf8 Bxf8 26. Rc1 Qb2 27. Qf3 Ra6 28. Ne4 Ra2 29. Nf6+ Kg7 30. g4 Be6 31. Rb1 Qc3 32. Ne8+ Kg8 33. Nf6+ Kg7 34. Ne8+ Kg8 35. Qa8 Qd2 36. Nf6+ Kg7 37. Rf1 Bxc4 38. Ne8+ Kg8 39. Nf6+ Kg7 40. Ne8+ Kg8 41. Nf6+ Kg7 1/2-1/2

[Event "Florianopolis op 8th"]
[Site "Florianopolis"]
[Date "2022.01.29"]
[Round "9"]
[White "Vargas, Gabriela"]
[Black "Rodrigues, Edgar"]
[Result "0-1"]
[WhiteElo "2152"]
[BlackElo "2345"]
[PlyCount "80"]
[EventDate "2022.01.24"]
[EventType "swiss"]
[EventRounds "10"]
[EventCountry "BRA"]
[SourceTitle "EXT 2023"]
[Source "ChessBase"]
[SourceDate "2022.10.05"]
[SourceVersion "1"]
[SourceVersionDate "2022.10.05"]
[SourceQuality "1"]

1. d4 d5 2. c4 e6 3. Nf3 Nf6 4. Nc3 c6 5. e3 Nbd7 6. b3 Bb4 7. Bd2 0-0 8. Be2 Re8 9. a3 Bd6 10. c5 Bc7 11. b4 e5 12. 0-0 e4 13. Ne1 Nf8 14. f4 exf3 15. gxf3 Ng6 16. Ng2 Bf5 17. Qe1 Qd7 18. Qf2 Re6 19. Nh4 Bh3 20. Nxg6 hxg6 21. Rfe1 g5 22. Bf1 Bf5 23. Bg2 Rae8 24. Rad1 g4 25. f4 Nh5 26. Ne2 Bd8 27. Bc1 Bf6 28. Nc3 Qe7 29. Bd2 Bh4 30. Qf1 Bxe1 31. Rxe1 Qh4 32. b5 Rh6 33. e4 dxe4 34. Nxe4 Bxe4 35. Rxe4 Rxe4 36. Bxe4 Nf6 37. Bg2 Qxh2+ 38. Kf2 Ne4+ 39. Ke1 Qg3+ 40. Kd1 Qb3+ 0-1

[Event "Florianopolis op 8th"]
[Site "Florianopolis"]
[Date "2022.01.27"]
[Round "5"]
[White "Ferreira, Vitor Hugo Vieira"]
[Black "Rodrigues, Edgar"]
[Result "1/2-1/2"]
[WhiteElo "2123"]
[BlackElo "2345"]
[PlyCount "64"]
[EventDate "2022.01.24"]
[EventType "swiss"]
[EventRounds "10"]
[EventCountry "BRA"]
[SourceTitle "CBM 206 Extra"]
[Source "ChessBase"]
[SourceDate "2022.03.31"]
[SourceVersion "1"]
[SourceVersionDate "2022.03.31"]
[SourceQuality "1"]

1. e4 c5 2. Nf3 e6 3. d4 cxd4 4. Nxd4 a6 5. c4 Nf6 6. Nc3 Qc7 7. a3 b6 8. Bd3 Bb7 9. 0-0 d6 10. Qe2 Be7 11. Bd2 0-0 12. Rac1 Nbd7 13. f4 Rac8 14. b4 Rfe8 15. Nf3 Qb8 16. Rce1 e5 17. f5 Bf8 18. Nh4 b5 19. cxb5 axb5 20. Kh1 d5 21. Nxd5 Nxd5 22. exd5 Bxd5 23. Bxb5 Red8 24. f6 g6 25. Nf5 gxf5 26. Rxf5 Kh8 27. Bxd7 Rxd7 28. Rh5 Rc4 29. Rxh7+ Kxh7 30. Qh5+ Kg8 31. Qg5+ Kh8 32. Qh5+ Kg8 1/2-1/2

[Event "Timbo op"]
[Site "Timbo"]
[Date "2021.02.20"]
[Round "3"]
[White "Rodrigues, Edgar"]
[Black "De Freitas, Isabella Ribeiro Co"]
[Result "1-0"]
[WhiteElo "2348"]
[BlackElo "1927"]
[PlyCount "61"]
[EventDate "2021.02.19"]
[EventType "swiss"]
[EventRounds "6"]
[EventCountry "BRA"]
[SourceTitle "EXT 2022"]
[Source "ChessBase"]
[SourceDate "2021.10.06"]
[SourceVersion "1"]
[SourceVersionDate "2021.10.06"]
[SourceQuality "1"]

1. e4 c5 2. Nf3 e6 3. d4 cxd4 4. Nxd4 a6 5. Nc3 Qc7 6. Bd3 Nf6 7. 0-0 d6 8. Kh1 b5 9. f4 Bb7 10. Qe2 Nbd7 11. Bd2 Be7 12. Rae1 Nc5 13. e5 Nxd3 14. cxd3 Nd5 15. Qg4 Nxc3 16. Bxc3 0-0-0 17. Nb3 Qd7 18. Ba5 Rdf8 19. Rc1+ Kb8 20. Rc7 Qe8 21. Rfc1 f5 22. Rxb7+ Kxb7 23. Rc7+ Ka8 24. Qf3+ d5 25. Qf2 Qb8 26. Qc2 Qe8 27. Nd4 Bd8 28. Rc8+ Kb7 29. Bxd8 Qxd8 30. Qc6+ Ka7 31. Rc7+ 1-0

[Event "Florianopolis op 7th"]
[Site "Florianopolis"]
[Date "2021.01.22"]
[Round "7"]
[White "Santiago, Yago de Moura"]
[Black "Rodrigues, Edgar"]
[Result "1-0"]
[WhiteElo "2480"]
[BlackElo "2333"]
[PlyCount "75"]
[EventDate "2021.01.18"]
[EventType "swiss"]
[EventRounds "10"]
[EventCountry "BRA"]
[SourceTitle "CBM 200 Extra"]
[Source "ChessBase"]
[SourceDate "2021.03.31"]
[SourceVersion "1"]
[SourceVersionDate "2021.03.31"]
[SourceQuality "1"]

1. d4 Nf6 2. Nf3 g6 3. Bg5 Bg7 4. Nbd2 0-0 5. c3 d6 6. e4 c6 7. Qc2 Nbd7 8. Be2 Qc7 9. 0-0 e5 10. dxe5 dxe5 11. Rfe1 h6 12. Bh4 g5 13. Bg3 Nh5 14. Nc4 Nf4 15. Bf1 Re8 16. Ne3 Nc5 17. b4 Nce6 18. Nd2 a5 19. a3 Rd8 20. f3 b5 21. Bf2 Bb7 22. Nb3 a4 23. Na5 Rxa5 24. bxa5 Qxa5 25. Red1 Bf8 26. Nf5 Rxd1 27. Rxd1 c5 28. g3 Ng6 29. Bh3 Qc7 30. Ne3 Bc8 31. Nd5 Qc6 32. Rb1 Ba6 33. Qd2 Kg7 34. Qb2 Qc8 35. Bf5 Ne7 36. c4 Nxf5 37. Qxe5+ Kg8 38. Nf6+ 1-0

[Event "Florianopolis op 7th"]
[Site "Florianopolis"]
[Date "2021.01.21"]
[Round "6"]
[White "Rodrigues, Edgar"]
[Black "Caetano, Hugo Zanotti Mendon"]
[Result "1-0"]
[WhiteElo "2333"]
[BlackElo "2155"]
[PlyCount "67"]
[EventDate "2021.01.18"]
[EventType "swiss"]
[EventRounds "10"]
[EventCountry "BRA"]
[SourceTitle "CBM 200 Extra"]
[Source "ChessBase"]
[SourceDate "2021.03.31"]
[SourceVersion "1"]
[SourceVersionDate "2021.03.31"]
[SourceQuality "1"]

1. e4 c5 2. Nf3 Nc6 3. Bb5 g6 4. Bxc6 dxc6 5. d3 Bg7 6. h3 Nf6 7. Nc3 Nd7 8. Be3 e5 9. Qd2 h6 10. 0-0 b6 11. a3 Nf8 12. b4 cxb4 13. axb4 Ne6 14. Ne2 Bb7 15. Ra3 h5 16. Qc1 a6 17. Rd1 0-0 18. Bh6 Qd6 19. Bxg7 Kxg7 20. Qb2 f6 21. d4 Rfd8 22. Rad3 Nf4 23. Nxf4 exf4 24. c4 Qe6 25. d5 cxd5 26. exd5 Qd7 27. c5 Bc8 28. Qd4 bxc5 29. bxc5 Qc7 30. d6 Qc6 31. Rb3 Bf5 32. Rb6 Qe4 33. c6 Rac8 34. Rb7+ 1-0